|
|
|
|
| LEADER |
00000nam a2200000Ii 4500 |
| 001 |
DIGDEU0232 |
| 003 |
NyNyDIG |
| 006 |
m o d |
| 007 |
cr ||||||||||| |
| 008 |
241203s2019 sp ob 000 0 spa d |
| 035 |
|
|
|a (OCoLC)1482221566
|
| 040 |
|
|
|a DGITA
|b eng
|e rda
|e pn
|c DGITA
|
| 020 |
|
|
|z 9788413250557
|
| 050 |
1 |
4 |
|a RA394.9 ebook
|
| 245 |
0 |
0 |
|a Desarrollo comunitario, salud y calidad de vida :
|b avances en drogodependencias /
|c edición a cargo de Juan Manuel González de Audikana.
|
| 264 |
|
1 |
|a Bilbao :
|b Publicaciones de la Universidad de Deusto,
|c [2019]
|
| 300 |
|
|
|a 1 online resource.
|
| 336 |
|
|
|a text
|b txt
|2 rdacontent
|
| 337 |
|
|
|a computer
|b c
|2 rdamedia
|
| 338 |
|
|
|a online resource
|b cr
|2 rdacarrier
|
| 347 |
|
|
|a text file
|2 rdaft
|
| 347 |
|
|
|b PDF
|
| 490 |
1 |
|
|a Serie Drogodependencias ;
|v 34
|
| 500 |
|
|
|a "DeustoDigital"--Cover.
|
| 500 |
|
|
|a At head of title: Instituto Deusto de Drogodependencias.
|
| 504 |
|
|
|a Includes bibliographical references.
|
| 588 |
0 |
|
|a Online resource; title from PDF title page (Digitalia, viewed December 3, 2024)
|
| 650 |
|
0 |
|a Health planning.
|
| 650 |
|
0 |
|a Community development.
|
| 650 |
|
0 |
|a Community health services.
|
| 700 |
1 |
|
|a González de Audikana, Manuel,
|e editor.
|
| 710 |
2 |
|
|a Instituto Deusto de Drogodependencias.
|
| 791 |
2 |
|
|a Digitalia (Firm),
|e distributor.
|
| 793 |
0 |
|
|g Digitalia eBook Collection:
|a Universidad de Deusto
|
| 776 |
0 |
8 |
|i Print version:
|t Desarrollo comunitario, salud y calidad de vida.
|d Bilbao : Publicaciones de la Universidad de Deusto, 2019
|z 9788413250557
|
| 830 |
|
0 |
|a Serie Drogodependencias ;
|v 34.
|
| 856 |
4 |
0 |
|3 Digitalia Hispánica
|u https://www.digitaliapublishing.com/a/163573/
|
| 910 |
|
|
|a Premium collection: 2024
|